000 00303nam a2200121Ia 4500
008 190216s9999||||xx |||||||||||||| ||und||
100 _aBanwel C N
245 0 _aFundamnetals Of Molecular Spectroscopy
260 _bTata Mcgrawhill Publishers
_c1983
300 _a338p
650 _aChemistry
942 _cBK
999 _c2640
_d2640